|
|
|
|
| LEADER |
00696nab a2200181 i 4500 |
| 001 |
misc9306 |
| 005 |
20191106143522.0 |
| 008 |
170607s1914 hu o 0|| hun d |
| 022 |
|
|
|a 0025-0260
|
| 040 |
|
|
|a SZTE Miscellanea Repozitórium
|b hun
|
| 041 |
|
|
|a hun
|
| 100 |
1 |
|
|a Benisch Arthur
|
| 245 |
1 |
0 |
|a Bosznia-Hercegovina iskolaügye
|h [elektronikus dokumentum] /
|c Benisch Arthur
|
| 260 |
|
|
|c 1914
|
| 300 |
|
|
|a 558-561
|
| 490 |
0 |
|
|a Magyar pedagógia : a Magyar Tudományos Akadémia Pedagógiai Bizottságának folyóirata
|v 23
|
| 695 |
|
|
|a Közoktatás Bosznia-Hercegovina 1914, Bosznia-Hercegovina oktatásügye
|
| 856 |
4 |
0 |
|u http://misc.bibl.u-szeged.hu/9306/1/mp_1914_2072_558-561.pdf
|z Dokumentum-elérés
|